<?xml version="1.0" encoding="UTF-8"?>
<record
    xmlns:xsi="http://www.w3.org/2001/XMLSchema-instance"
    xsi:schemaLocation="http://www.loc.gov/MARC21/slim http://www.loc.gov/standards/marcxml/schema/MARC21slim.xsd"
    xmlns="http://www.loc.gov/MARC21/slim">

  <leader>00750nam a22001577a 4500</leader>
  <controlfield tag="003">OSt</controlfield>
  <controlfield tag="005">20151028160518.0</controlfield>
  <controlfield tag="008">151028b        xxu||||| |||| 00| 0 eng d</controlfield>
  <datafield tag="040" ind1=" " ind2=" ">
    <subfield code="c">RUA </subfield>
  </datafield>
  <datafield tag="082" ind1=" " ind2=" ">
    <subfield code="a">AGR SEN 2006 B033 Or.1</subfield>
  </datafield>
  <datafield tag="100" ind1=" " ind2=" ">
    <subfield code="9">3047</subfield>
    <subfield code="a">SENG SATHIA</subfield>
  </datafield>
  <datafield tag="245" ind1=" " ind2=" ">
    <subfield code="a">Effect of mulching on mustard green yield under crop station condition of royal university of agriculture, (&#x17A5;&#x1791;&#x17D2;&#x1792;&#x17B7;&#x1796;&#x179B;&#x1782;&#x17C6;&#x179A;&#x1794;&#x178A;&#x17B8;&#x1791;&#x17C5;&#x179B;&#x17BE;&#x1791;&#x17B7;&#x1793;&#x17D2;&#x1793;&#x1795;&#x179B;&#x178A;&#x17C6;&#x178E;&#x17B6;&#x17C6;&#x179F;&#x17D2;&#x1796;&#x17C3;&#x1781;&#x17C0;&#x179C;&#x200B; &#x1780;&#x17D2;&#x1793;&#x17BB;&#x1784;&#x179B;&#x1780;&#x17D2;&#x1781;&#x1781;&#x178E;&#x17D2;&#x178C; &#x179F;&#x17D2;&#x1790;&#x17B6;&#x1793;&#x17B8;&#x1799;&#x17CD;&#x178A;&#x17C6;&#x178E;&#x17C6;&#x17B6;&#x1793;&#x17C3;&#x179F;&#x17B6;&#x1780;&#x179B;&#x179C;&#x17B7;&#x1791;&#x17D2;&#x1799;&#x17B6;&#x179B;&#x17D0;&#x1799;&#x1797;&#x17BC;&#x1798;&#x17B7;&#x1793;&#x17D2;&#x1791;&#x1780;&#x179F;&#x1780;&#x1798;&#x17D2;&#x1798;)</subfield>
  </datafield>
  <datafield tag="260" ind1=" " ind2=" ">
    <subfield code="a">Phnom Penh </subfield>
    <subfield code="b">RUA </subfield>
    <subfield code="c">2006</subfield>
  </datafield>
  <datafield tag="300" ind1=" " ind2=" ">
    <subfield code="a">xvi; 56p.</subfield>
    <subfield code="b">ill.</subfield>
    <subfield code="c">29cm.</subfield>
  </datafield>
  <datafield tag="942" ind1=" " ind2=" ">
    <subfield code="2">ddc</subfield>
    <subfield code="c">AGR</subfield>
  </datafield>
  <datafield tag="999" ind1=" " ind2=" ">
    <subfield code="c">2841</subfield>
    <subfield code="d">2841</subfield>
  </datafield>
  <datafield tag="952" ind1=" " ind2=" ">
    <subfield code="0">0</subfield>
    <subfield code="1">0</subfield>
    <subfield code="2">ddc</subfield>
    <subfield code="4">0</subfield>
    <subfield code="6">AGR_SEN_2006_000000000000000_B033_OR_1</subfield>
    <subfield code="7">0</subfield>
    <subfield code="9">13858</subfield>
    <subfield code="a">LBB</subfield>
    <subfield code="b">LBB</subfield>
    <subfield code="c">B033</subfield>
    <subfield code="d">2015-10-28</subfield>
    <subfield code="l">7</subfield>
    <subfield code="m">1</subfield>
    <subfield code="o">AGR SEN 2006 B033 Or.1</subfield>
    <subfield code="p">RUA012207</subfield>
    <subfield code="r">2023-06-21</subfield>
    <subfield code="s">2023-06-14</subfield>
    <subfield code="w">2015-10-28</subfield>
    <subfield code="y">AGR</subfield>
  </datafield>
  <datafield tag="952" ind1=" " ind2=" ">
    <subfield code="0">0</subfield>
    <subfield code="1">0</subfield>
    <subfield code="2">ddc</subfield>
    <subfield code="4">0</subfield>
    <subfield code="6">AGR_SEN_2006_000000000000000_B033_OR_2</subfield>
    <subfield code="7">0</subfield>
    <subfield code="9">36344</subfield>
    <subfield code="a">LBB</subfield>
    <subfield code="b">LBB</subfield>
    <subfield code="d">2016-01-26</subfield>
    <subfield code="l">5</subfield>
    <subfield code="o">AGR SEN 2006 B033 Or.2</subfield>
    <subfield code="p">RUA050972</subfield>
    <subfield code="r">2020-08-03</subfield>
    <subfield code="s">2020-06-01</subfield>
    <subfield code="w">2016-01-26</subfield>
    <subfield code="y">AGR</subfield>
  </datafield>
  <datafield tag="952" ind1=" " ind2=" ">
    <subfield code="0">0</subfield>
    <subfield code="1">0</subfield>
    <subfield code="2">ddc</subfield>
    <subfield code="4">0</subfield>
    <subfield code="6">AGR_SEN_2006_000000000000000_B033_OR_3</subfield>
    <subfield code="7">0</subfield>
    <subfield code="9">36345</subfield>
    <subfield code="a">LBB</subfield>
    <subfield code="b">LBB</subfield>
    <subfield code="d">2016-01-26</subfield>
    <subfield code="l">7</subfield>
    <subfield code="m">1</subfield>
    <subfield code="o">AGR SEN 2006 B033 Or.3</subfield>
    <subfield code="p">RUA051036</subfield>
    <subfield code="r">2020-08-10</subfield>
    <subfield code="s">2020-07-21</subfield>
    <subfield code="w">2016-01-26</subfield>
    <subfield code="y">AGR</subfield>
  </datafield>
</record>
